Größte Inseln Europas nach Fläche - Statistiken

Allgemein
  • Dieses Quiz wurde 196 mal gespielt
  • Das Durchschnittsergebnis liegt bei 7 aus 12
Antwortstatistiken
Fläche in km² Insel % Korrekt
84.421 Irland
94%
101.826 Island
92%
23.949 Sardinien
88%
25.662 Sizilien
88%
229.848 Großbritannien
87%
8.741 Korsika
80%
8.312 Kreta
80%
37.673 Spitzbergen
27%
7.180 Seeland
22%
47.079 Nordinsel
7%
33.246 Südinsel
6%
14.443 Nordostland
1%
Keine übereinstimmenden Quizze gefunden
Verteilung der Resultate
Anzahl Personen mit jedem Resultat
Perzentil nach korrekt beantworteten Fragen
Ihre Resultats-Entwicklung
Sie haben dieses Quiz noch nicht gespielt